El clown, un navegante de las emociones /

שמור ב:
מידע ביבליוגרפי
מחבר ראשי: Jara Fernández, Jesús (autor)
פורמט: ספר
שפה:ספרדית
יצא לאור: Barcelona, España : Octaedro, 2014, c2014
סדרה:(Recursos Octaedro ; Educación: Pedagogía de Lenguajes Artísticos) 142.
נושאים:
תגים: הוספת תג
אין תגיות, היה/י הראשונ/ה לתייג את הרשומה!

MARC

LEADER 00000nam^a2200000^a^4500
001 000399594
005 20250521000000.0
009 20260310121555.966
020 |a 978-84-9921-537-2 
037 |a Acervo ITESO - Biblioteca 
041 |a ESP 
082 |a 791. 33  |b JAR 
100 |a Jara Fernández, Jesús  |e (autor) 
245 1 3 |a El clown, un navegante de las emociones /  |c J. Jara Fernández ; pról. de Alfredo Mantovani. 
264 4 |a Barcelona, España :  |b Octaedro,  |c 2014, c2014 
300 |a 219 p. 
336 |a texto  |b txt  |2 rdacontenido 
337 |a sin mediación  |b n  |2 rdamedio 
338 |a volumen  |b nc  |2 rdasoporte 
440 1 |a (Recursos Octaedro ;  |v 142.  |p Educación: Pedagogía de Lenguajes Artísticos) 
521 |a FIL 2017 EEnlace Centro de Promoción Cultural 
649 |a XX 
650 |a Payasos -  |x Prácticas Profesionales 
650 |a Payasos -  |x Condiciones Psicológicas 
650 |a Payasos -  |x Técnica 
650 |a Payasos -  |x Historia 
650 |a Payasos -  |x Tema Principal 
650 |a Actuación -  |x Metodología 
650 |a Actuación -  |x Técnica 
650 |a Actuación -  |x Prácticas Profesionales 
650 |a Actuación -  |x Teoría 
650 |a Artes Escénicas -  |x Teoría 
910 |a Fondo General 
920 |a Impresos - Libros 
930 |a Colección General 
905 |a 101 
901 |a 0500294538  |b IT1  |c ACC  |i c158204  |u 20250521 
902 |a https://opac.biblio.iteso.mx/vufind/Record/000399594